000 00478ntaaa2200193 4500
003 01
005 20251027201806.0
008 0714s1973 ag 01
040 _aAR-BaBN
_bspa
_cAR-BaBN
_eaacr
_dRIC
082 _a242.0000 M42
100 _aMatheson, George
_98783
245 _aVoices of the spirit
250 _a1 ed.
260 _aLondon :
_bHodder and Stoughton,
_cs.f.
300 _a241 p
650 _avida espiritual
_9658
650 _ameditaciones
_95341
942 _cBK
999 _c12579
_d12579